[Event "Campeonato España Sub 16"]
[Site "Salobreña"]
[Date "2017.07.26"]
[Round "4"]
[White "Roldan Marques, Daniel"]
[Black "Gonzalez Serrato, Diego"]
[Result "1/2-1/2"]
[Board "9"]
[WhiteTitle "FM"]
[WhiteElo "2300"]
[WhiteCountry "ESP"]
[WhiteFideId "32063318"]
[WhiteEloChange "-8"]
[BlackElo "1883"]
[BlackCountry "ESP"]
[BlackFideId "32069170"]
[BlackEloChange "8"]

1. d4 {[%clk 1:30:30]} Nf6 {[%clk 1:30:30]} 2. c4 {[%clk 1:30:30]} g6 {[%clk
1:30:30]} 3. Nc3 {[%clk 1:30:30]} Bg7 {[%clk 1:30:30]} 4. e4 {[%clk 1:30:30]} d6
{[%clk 1:30:30]} 5. f3 {[%clk 1:30:30]} O-O {[%clk 1:30:30]} 6. Be3 {[%clk
1:30:30]} c5 {[%clk 1:30:30]} 7. dxc5 {[%clk 1:30:30]} dxc5 {[%clk 1:30:30]} 8.
Qxd8 {[%clk 1:30:30]} Rxd8 {[%clk 1:30:30]} 9. Bxc5 {[%clk 1:30:30]} Nc6 {[%clk
1:30:30]} 10. Nge2 {[%clk 1:30:30]} Nd7 {[%clk 1:30:30]} 11. Be3 {[%clk 1:30:30]}
Nde5 {[%clk 1:30:30]} 12. Nf4 {[%clk 1:30:30]} Nb4 {[%clk 1:30:30]} 13. Rd1
{[%clk 1:30:30]} Nc2+ {[%clk 1:30:30]} 14. Kf2 {[%clk 1:30:30]} Rxd1 {[%clk
1:30:30]} 15. Nxd1 {[%clk 1:30:30]} Nxe3 {[%clk 1:30:30]} 16. Nxe3 {[%clk
1:30:30]} e6 {[%clk 1:30:30]} 17. b3 {[%clk 1:30:30]} b6 {[%clk 1:30:30]} 18. Be2
{[%clk 1:30:30]} Bb7 {[%clk 1:30:30]} 19. Rd1 {[%clk 1:30:30]} Kf8 {[%clk
1:30:30]} 20. Nc2 {[%clk 1:30:30]} Nc6 {[%clk 1:30:30]} 21. Nd3 {[%clk 1:30:30]}
Rd8 {[%clk 1:30:30]} 22. Ndb4 {[%clk 1:30:30]} Nd4 {[%clk 1:30:30]} 23. Nxd4
{[%clk 1:30:30]} Bxd4+ {[%clk 1:30:30]} 24. Kf1 {[%clk 1:30:30]} Ke7 {[%clk
1:30:30]} 25. Nc2 {[%clk 1:30:30]} Be5 {[%clk 1:30:30]} 26. Rxd8 {[%clk 1:30:30]}
Kxd8 {[%clk 1:30:30]} 27. g3 {[%clk 1:30:30]} g5 {[%clk 1:30:30]} 28. Bd3 {[%clk
1:30:30]} a5 {[%clk 1:30:30]} 29. Ke2 {[%clk 1:30:30]} Bd6 {[%clk 1:30:30]} 30.
Ne3 {[%clk 1:30:30]} e5 {[%clk 1:30:30]} 31. Kd2 {[%clk 1:30:30]} f6 {[%clk
1:30:30]} 32. Bf1 {[%clk 1:30:30]} Bc5 {[%clk 1:30:30]} 33. Bh3 {[%clk 1:30:30]}
Bxe3+ {[%clk 1:30:30]} 34. Kxe3 {[%clk 1:30:30]} Ke7 {[%clk 1:30:30]} 35. Bf5
{[%clk 1:30:30]} h6 {[%clk 1:30:30]} 36. Bh7 {[%clk 1:30:30]} Kd6 {[%clk
1:30:30]} 37. Bg8 {[%clk 1:30:30]} Kc5 {[%clk 1:30:30]} 38. a3 {[%clk 1:30:30]}
Ba6 {[%clk 1:30:30]} 39. Kd3 {[%clk 1:30:30]} b5 {[%clk 1:30:30]} 40. Kc3 {[%clk
1:30:30]} b4+ {[%clk 1:30:30]} 41. axb4+ {[%clk 1:30:30]} axb4+ {[%clk 1:30:30]}
42. Kd3 {[%clk 1:30:30]} Bc8 {[%clk 1:30:30]} 43. Bh7 {[%clk 1:30:30]} Bd7 {[%clk
1:30:30]} 44. Bf5 {[%clk 1:30:30]} Be8 {[%clk 1:30:30]} 45. Ke3 {[%clk 1:30:30]}
Bc6 {[%clk 1:30:30]} 46. Bg6 {[%clk 1:30:30]} Bd7 {[%clk 1:30:30]} 47. Bf7 {[%clk
1:30:30]} Bc6 {[%clk 1:30:30]} 48. f4 {[%clk 1:30:30]} Bd7 {[%clk 1:30:30]} 49.
fxg5 {[%clk 1:30:30]} fxg5 {[%clk 1:30:30]} 50. Bh5 {[%clk 1:30:30]} Bc6 {[%clk
1:30:30]} 51. Bg4 {[%clk 1:30:30]} Be8 {[%clk 1:30:30]} 52. h4 {[%clk 1:30:30]}
Bg6 {[%clk 1:30:30]} 53. hxg5 {[%clk 1:30:30]} hxg5 {[%clk 1:30:30]} 54. Bf3
{[%clk 1:30:30]} Be8 {[%clk 1:30:30]} 55. Kd3 {[%clk 1:30:30]} Bd7 {[%clk
1:30:30]} 1/2-1/2

[Event "Campeonato España Sub 16"]
[Site "Salobreña"]
[Date "2017.07.26"]
[Round "4"]
[White "Orantes Taboada, Francisco"]
[Black "Lechuga Cabrero, Luis Miguel"]
[Result "1-0"]
[Board "10"]
[WhiteTitle "FM"]
[WhiteElo "2183"]
[WhiteCountry "ESP"]
[WhiteFideId "22274758"]
[WhiteEloChange "5"]
[BlackElo "1979"]
[BlackCountry "ESP"]
[BlackFideId "22274693"]
[BlackEloChange "-5"]

1. b3 {[%clk 1:30:30]} Nf6 {[%clk 1:30:30]} 2. g3 {[%clk 1:30:30]} g6 {[%clk
1:30:30]} 3. Bb2 {[%clk 1:30:30]} Bg7 {[%clk 1:30:30]} 4. Bg2 {[%clk 1:30:30]}
O-O {[%clk 1:30:30]} 5. d3 {[%clk 1:30:30]} d5 {[%clk 1:30:30]} 6. Nd2 {[%clk
1:30:30]} Re8 {[%clk 1:30:30]} 7. Ngf3 {[%clk 1:30:30]} Nc6 {[%clk 1:30:30]} 8.
O-O {[%clk 1:30:30]} e5 {[%clk 1:30:30]} 9. c4 {[%clk 1:30:30]} e4 {[%clk
1:30:30]} 10. Ne1 {[%clk 1:30:30]} exd3 {[%clk 1:30:30]} 11. Nxd3 {[%clk
1:30:30]} dxc4 {[%clk 1:30:30]} 12. Nxc4 {[%clk 1:30:30]} Be6 {[%clk 1:30:30]}
13. e3 {[%clk 1:30:30]} Bd5 {[%clk 1:30:30]} 14. Bh3 {[%clk 1:30:30]} Ne4 {[%clk
1:30:30]} 15. Bxg7 {[%clk 1:30:30]} Kxg7 {[%clk 1:30:30]} 16. Nf4 {[%clk
1:30:30]} Bxc4 {[%clk 1:30:30]} 17. bxc4 {[%clk 1:30:30]} Nd2 {[%clk 1:30:30]}
18. Re1 {[%clk 1:30:30]} Nxc4 {[%clk 1:30:30]} 19. Qb3 {[%clk 1:30:30]} N4e5
{[%clk 1:30:30]} 20. Red1 {[%clk 1:30:30]} Qg5 {[%clk 1:30:30]} 21. Bg2 {[%clk
1:30:30]} Ne7 {[%clk 1:30:30]} 22. Qxb7 {[%clk 1:30:30]} c6 {[%clk 1:30:30]} 23.
Rac1 {[%clk 1:30:30]} Reb8 {[%clk 1:30:30]} 24. Qa6 {[%clk 1:30:30]} Rb6 {[%clk
1:30:30]} 25. Qa3 {[%clk 1:30:30]} Nf5 {[%clk 1:30:30]} 26. Qc3 {[%clk 1:30:30]}
Qe7 {[%clk 1:30:30]} 27. Nd3 {[%clk 1:30:30]} f6 {[%clk 1:30:30]} 28. Nxe5 {[%clk
1:30:30]} Qxe5 {[%clk 1:30:30]} 29. Rd7+ {[%clk 1:30:30]} Kh8 {[%clk 1:30:30]}
30. Qc4 {[%clk 1:30:30]} Rf8 {[%clk 1:30:30]} 31. Rcd1 {[%clk 1:30:30]} Rbb8
{[%clk 1:30:30]} 32. Qxc6 {[%clk 1:30:30]} Qa5 {[%clk 1:30:30]} 33. Rc7 {[%clk
1:30:30]} Qb6 {[%clk 1:30:30]} 34. Qd7 {[%clk 1:30:30]} 1-0

[Event "Campeonato España Sub 16"]
[Site "Salobreña"]
[Date "2017.07.26"]
[Round "4"]
[White "Baquedano Coarasa, Pablo"]
[Black "Toquero Gracia, Pau"]
[Result "1-0"]
[Board "11"]
[WhiteClock "n/a"]
[WhiteElo "2151"]
[WhiteCountry "ESP"]
[WhiteFideId "32024991"]
[WhiteEloChange "5"]
[BlackClock "n/a"]
[BlackElo "1971"]
[BlackCountry "ESP"]
[BlackFideId "32086296"]
[BlackEloChange "-5"]

1. d4 {[%clk 1:30:30]} Nf6 {[%clk 1:30:30]} 2. c4 {[%clk 1:30:30]} g6 {[%clk
1:30:30]} 3. Nc3 {[%clk 1:30:30]} Bg7 {[%clk 1:30:30]} 4. e4 {[%clk 1:30:30]} d6
{[%clk 1:30:30]} 5. Nge2 {[%clk 1:30:30]} O-O {[%clk 1:30:30]} 6. Ng3 {[%clk
1:30:30]} Nfd7 {[%clk 1:30:30]} 7. Be2 {[%clk 1:30:30]} Nc6 {[%clk 1:30:30]} 8.
d5 {[%clk 1:30:30]} Nd4 {[%clk 1:30:30]} 9. Be3 {[%clk 1:30:30]} c5 {[%clk
1:30:30]} 10. dxc6 {[%clk 1:30:30]} Nxc6 {[%clk 1:30:30]} 11. O-O {[%clk
1:30:30]} Nc5 {[%clk 1:30:30]} 12. Qd2 {[%clk 1:30:30]} Ne6 {[%clk 1:30:30]} 13.
Bg4 {[%clk 1:30:30]} Ne5 {[%clk 1:30:30]} 14. Bxe6 {[%clk 1:30:30]} Bxe6 {[%clk
1:30:30]} 15. b3 {[%clk 1:30:30]} Nc6 {[%clk 1:30:30]} 16. Nge2 {[%clk 1:30:30]}
Qa5 {[%clk 1:30:30]} 17. Rac1 {[%clk 1:30:30]} Rac8 {[%clk 1:30:30]} 18. Nf4
{[%clk 1:30:30]} Qe5 {[%clk 1:30:30]} 19. Rfe1 {[%clk 1:30:30]} Bd7 {[%clk
1:30:30]} 20. Nd3 {[%clk 1:30:30]} Qa5 {[%clk 1:30:30]} 21. Red1 {[%clk 1:30:30]}
Rfd8 {[%clk 1:30:30]} 22. b4 {[%clk 1:30:30]} Qh5 {[%clk 1:30:30]} 23. Nd5 {[%clk
1:30:30]} e6 {[%clk 1:30:30]} 24. N5f4 {[%clk 1:30:30]} Qh4 {[%clk 1:30:30]} 25.
g3 {[%clk 1:30:30]} Qe7 {[%clk 1:30:30]} 26. b5 {[%clk 1:30:30]} Ne5 {[%clk
1:30:30]} 27. Qb4 {[%clk 1:30:30]} b6 {[%clk 1:30:30]} 28. Nxe5 {[%clk 1:30:30]}
Bxe5 {[%clk 1:30:30]} 29. Ne2 {[%clk 1:30:30]} Be8 {[%clk 1:30:30]} 30. a4 {[%clk
1:30:30]} Qb7 {[%clk 1:30:30]} 31. Qb1 {[%clk 1:30:30]} d5 {[%clk 1:30:30]} 32.
cxd5 {[%clk 1:30:30]} Rxc1 {[%clk 1:30:30]} 33. Qxc1 {[%clk 1:30:30]} exd5 {[%clk
1:30:30]} 34. Bd4 {[%clk 1:30:30]} Qc7 {[%clk 1:30:30]} 35. Qg5 {[%clk 1:30:30]}
dxe4 {[%clk 1:30:30]} 36. Rc1 {[%clk 1:30:30]} Qd7 {[%clk 1:30:30]} 37. Qxe5
{[%clk 1:30:30]} 1-0

[Event "Campeonato España Sub 16"]
[Site "Salobreña"]
[Date "2017.07.26"]
[Round "4"]
[White "Munoz Pelaez, Manuel"]
[Black "Ortin Blanco, Ainhoa"]
[Result "1-0"]
[Board "12"]
[WhiteClock "1:30"]
[WhiteElo "2104"]
[WhiteCountry "ESP"]
[WhiteFideId "22274723"]
[WhiteEloChange "6"]
[BlackClock "1:30"]
[BlackElo "1961"]
[BlackCountry "ESP"]
[BlackFideId "32010117"]
[BlackEloChange "-6"]

1. e4 {[%clk 1:30:00]} c5 {[%clk 1:30:00]} 2. Nf3 {[%clk 1:31:00]} Nc6 {[%clk
1:31:00]} 3. Bb5 {[%clk 1:30:00]} e6 {[%clk 1:31:00]} 4. b3 {[%clk 1:30:00]} Nge7
{[%clk 1:30:00]} 5. Bb2 {[%clk 1:30:00]} a6 {[%clk 1:27:00]} 6. Bxc6 {[%clk
1:30:00]} Nxc6 {[%clk 1:27:00]} 7. O-O {[%clk 1:30:00]} f6 {[%clk 1:26:00]} 8. d4
{[%clk 1:26:00]} cxd4 {[%clk 1:18:00]} 9. Nxd4 {[%clk 1:26:00]} Qb6 {[%clk
1:17:00]} 10. c4 {[%clk 1:20:00]} Be7 {[%clk 1:05:00]} 11. Nxc6 {[%clk 1:11:00]}
Qxc6 {[%clk 0:53:00]} 12. Qh5+ {[%clk 1:10:00]} g6 {[%clk 0:52:00]} 13. Qh6
{[%clk 1:10:00]} Qxe4 {[%clk 0:52:00]} 14. Qg7 {[%clk 1:09:00]} Rf8 {[%clk
0:52:00]} 15. Qxh7 {[%clk 1:08:00]} b6 {[%clk 0:52:00]} 16. Nc3 {[%clk 1:05:00]}
Qc2 {[%clk 0:50:00]} 17. Nd5 {[%clk 0:56:00]} Rf7 {[%clk 0:33:00]} 18. Nc7+
{[%clk 0:55:00]} Kd8 {[%clk 0:33:00]} 19. Qxf7 {[%clk 0:55:00]} Kxc7 {[%clk
0:33:00]} 20. Bxf6 {[%clk 0:54:00]} Bd6 {[%clk 0:31:00]} 21. Be7 {[%clk 0:52:00]}
Bxe7 {[%clk 0:25:00]} 22. Qxe7 {[%clk 0:53:00]} Bb7 {[%clk 0:24:00]} 23. c5
{[%clk 0:48:00]} b5 {[%clk 0:23:00]} 24. Qd6+ {[%clk 0:47:00]} Kc8 {[%clk
0:22:00]} 25. Qf8+ {[%clk 0:44:00]} Kc7 {[%clk 0:23:00]} 26. Qf4+ {[%clk
0:44:00]} Kc8 {[%clk 0:22:00]} 27. Rac1 {[%clk 0:44:00]} Qb2 {[%clk 0:12:55]} 28.
Qf8+ {[%clk 0:44:00]} Kc7 {[%clk 0:13:17]} 29. Qd6+ {[%clk 0:44:00]} Kc8 {[%clk
0:13:39]} 30. c6 {[%clk 0:43:00]} Bxc6 {[%clk 0:13:28]} 31. Rxc6+ {[%clk
0:42:00]} dxc6 {[%clk 0:13:45]} 32. Qxc6+ {[%clk 0:43:00]} Kb8 {[%clk 0:14:11]}
33. Rc1 {[%clk 0:43:00]} 1-0

[Event "Campeonato España Sub 16"]
[Site "Salobreña"]
[Date "2017.07.26"]
[Round "4"]
[White "Garcia Escoda, Marc"]
[Black "Ortin Blanco, Inigo"]
[Result "0-1"]
[Board "13"]
[WhiteClock "1:30"]
[WhiteElo "1959"]
[WhiteCountry "ESP"]
[WhiteFideId "24509655"]
[WhiteEloChange "-6"]
[BlackClock "1:30"]
[BlackElo "2090"]
[BlackCountry "ESP"]
[BlackFideId "32010125"]
[BlackEloChange "6"]

1. d4 {[%clk 1:30:00]} d5 {[%clk 1:30:00]} 2. Bg5 {[%clk 1:31:00]} h6 {[%clk
1:26:00]} 3. Bf4 {[%clk 1:31:00]} c5 {[%clk 1:26:00]} 4. e3 {[%clk 1:31:00]} Nc6
{[%clk 1:26:00]} 5. Nf3 {[%clk 1:30:00]} Nf6 {[%clk 1:17:00]} 6. h3 {[%clk
1:20:00]} cxd4 {[%clk 1:07:00]} 7. exd4 {[%clk 1:20:00]} Bf5 {[%clk 1:08:00]} 8.
c3 {[%clk 1:16:00]} e6 {[%clk 1:07:00]} 9. Bd3 {[%clk 1:11:00]} Ne4 {[%clk
1:02:00]} 10. O-O {[%clk 0:59:00]} Bd6 {[%clk 1:00:00]} 11. Ne5 {[%clk 0:42:00]}
Bxe5 {[%clk 1:00:00]} 12. dxe5 {[%clk 0:37:00]} O-O {[%clk 0:59:00]} 13. Bxe4
{[%clk 0:35:00]} Bxe4 {[%clk 0:59:00]} 14. Qe2 {[%clk 0:32:00]} Bh7 {[%clk
0:42:00]} 15. Rd1 {[%clk 0:27:00]} Qc7 {[%clk 0:27:00]} 16. Nd2 {[%clk 0:24:00]}
d4 {[%clk 0:27:00]} 17. Qc4 {[%clk 0:18:42]} Qb6 {[%clk 0:13:08]} 18. cxd4 {[%clk
0:13:21]} Qxd4 {[%clk 0:12:18]} 19. Qxd4 {[%clk 0:07:40]} Nxd4 {[%clk 0:12:42]}
20. Kh1 {[%clk 0:08:14]} Rac8 {[%clk 0:11:39]} 21. Ne4 {[%clk 0:04:10]} Ne2
{[%clk 0:10:12]} 22. Nd6 {[%clk 0:04:21]} Nxf4 {[%clk 0:10:02]} 23. Nxc8 {[%clk
0:04:50]} Rxc8 {[%clk 0:10:23]} 24. Rd7 {[%clk 0:04:49]} Be4 {[%clk 0:10:29]} 25.
f3 {[%clk 0:05:18]} Bd5 {[%clk 0:10:43]} 26. Rd1 {[%clk 0:02:45]} Kf8 {[%clk
0:08:38]} 27. Rd4 {[%clk 0:03:13]} Ne2 {[%clk 0:08:58]} 28. Rg4 {[%clk 0:00:43]}
h5 {[%clk 0:08:13]} 29. Rb4 {[%clk 0:00:46]} Ke8 {[%clk 0:07:41]} 30. Rd6 {[%clk
0:01:07]} Ng3+ {[%clk 0:07:44]} 31. Kg1 {[%clk 0:01:20]} Nf5 {[%clk 0:07:51]} 32.
Rxd5 {[%clk 0:00:38]} exd5 {[%clk 0:08:05]} 33. g4 {[%clk 0:00:50]} hxg4 {[%clk
0:07:03]} 34. hxg4 {[%clk 0:01:06]} Ne3 {[%clk 0:06:47]} 35. Rxb7 {[%clk
0:01:07]} d4 {[%clk 0:06:21]} 36. Rb3 {[%clk 0:00:47]} Rd8 {[%clk 0:06:21]} 37.
Rd3 {[%clk 0:00:38]} Nc4 {[%clk 0:06:32]} 38. Kf2 {[%clk 0:00:41]} Nxb2 {[%clk
0:06:10]} 39. Rd2 {[%clk 0:00:50]} d3 {[%clk 0:06:10]} 0-1

[Event "Campeonato España Sub 16"]
[Site "Salobreña"]
[Date "2017.07.26"]
[Round "4"]
[White "Rodriguez Izquierdo, Luis"]
[Black "Gonzalvez Tamarit, Ruben"]
[Result "1-0"]
[Board "14"]
[WhiteClock "1:30"]
[WhiteElo "2088"]
[WhiteCountry "ESP"]
[WhiteFideId "32051603"]
[WhiteEloChange "6"]
[BlackClock "1:30"]
[BlackElo "1954"]
[BlackCountry "ESP"]
[BlackFideId "32041764"]
[BlackEloChange "-6"]

1. e4 {[%clk 1:30:00]} e5 {[%clk 1:30:00]} 2. Nf3 {[%clk 1:31:00]} Nc6 {[%clk
1:31:00]} 3. Bc4 {[%clk 1:31:00]} Bc5 {[%clk 1:31:00]} 4. b4 {[%clk 1:31:00]}
Bxb4 {[%clk 1:31:00]} 5. c3 {[%clk 1:31:00]} Be7 {[%clk 1:32:00]} 6. d4 {[%clk
1:32:00]} Bf6 {[%clk 0:58:00]} 7. dxe5 {[%clk 1:26:00]} Nxe5 {[%clk 0:57:00]} 8.
Nxe5 {[%clk 1:20:00]} Bxe5 {[%clk 0:57:00]} 9. Bxf7+ {[%clk 1:09:00]} Kxf7 {[%clk
0:58:00]} 10. Qh5+ {[%clk 1:09:00]} Kf8 {[%clk 0:55:00]} 11. Qxe5 {[%clk
1:10:00]} d6 {[%clk 0:55:00]} 12. Qd4 {[%clk 1:08:00]} Qf6 {[%clk 0:52:00]} 13.
Qd3 {[%clk 1:07:00]} Ne7 {[%clk 0:48:00]} 14. O-O {[%clk 1:06:00]} Be6 {[%clk
0:43:00]} 15. Be3 {[%clk 1:01:00]} Nc6 {[%clk 0:39:00]} 16. f4 {[%clk 0:54:00]}
Ke7 {[%clk 0:30:00]} 17. Na3 {[%clk 0:50:00]} a6 {[%clk 0:21:00]} 18. Rad1 {[%clk
0:45:00]} Rad8 {[%clk 0:18:54]} 19. Bd4 {[%clk 0:35:00]} Nxd4 {[%clk 0:18:20]}
20. cxd4 {[%clk 0:35:00]} Rhf8 {[%clk 0:11:19]} 21. d5 {[%clk 0:26:00]} Bc8
{[%clk 0:10:01]} 22. Rc1 {[%clk 0:19:42]} Rd7 {[%clk 0:07:57]} 23. e5 {[%clk
0:19:37]} dxe5 {[%clk 0:07:38]} 24. fxe5 {[%clk 0:18:36]} Qb6+ {[%clk 0:07:59]}
25. Kh1 {[%clk 0:18:56]} Rxf1+ {[%clk 0:07:31]} 26. Rxf1 {[%clk 0:19:21]} Qg6
{[%clk 0:06:25]} 27. Qc4 {[%clk 0:18:28]} Ke8 {[%clk 0:01:18]} 28. e6 {[%clk
0:15:32]} Re7 {[%clk 0:01:33]} 29. Qf4 {[%clk 0:15:15]} Kd8 {[%clk 0:00:45]} 30.
Nc4 {[%clk 0:14:42]} Qf6 {[%clk 0:00:34]} 31. Qc1 {[%clk 0:12:24]} Qh6 {[%clk
0:00:30]} 32. Qa3 {[%clk 0:12:50]} Bxe6 {[%clk 0:00:35]} 33. Rf8+ {[%clk
0:11:39]} Re8 {[%clk 0:00:49]} 34. Rxe8+ {[%clk 0:12:05]} Kxe8 {[%clk 0:01:15]}
35. dxe6 {[%clk 0:12:31]} Qxe6 {[%clk 0:01:35]} 36. Qe3 {[%clk 0:12:48]} Qxe3
{[%clk 0:01:55]} 37. Nxe3 {[%clk 0:13:14]} c5 {[%clk 0:02:03]} 38. Kg1 {[%clk
0:13:34]} b5 {[%clk 0:02:13]} 39. Kf2 {[%clk 0:13:54]} Ke7 {[%clk 0:02:00]} 40.
Kf3 {[%clk 0:13:57]} Kd6 {[%clk 0:01:58]} 41. Ke4 {[%clk 0:14:19]} g6 {[%clk
0:01:51]} 42. Nd5 {[%clk 0:13:59]} a5 {[%clk 0:01:50]} 43. Nf6 {[%clk 0:13:55]}
a4 {[%clk 0:01:49]} 44. Nxh7 {[%clk 0:12:28]} b4 {[%clk 0:01:29]} 45. Kd3 {[%clk
0:12:46]} b3 {[%clk 0:00:43]} 46. a3 {[%clk 0:12:00]} c4+ {[%clk 0:00:31]} 47.
Kc3 {[%clk 0:12:24]} Kd5 {[%clk 0:00:33]} 48. Nf6+ {[%clk 0:12:45]} Ke5 {[%clk
0:00:42]} 49. Nd7+ {[%clk 0:12:56]} Ke4 {[%clk 0:00:00]} 50. Nc5+ {[%clk
0:12:56]} Ke3 {[%clk 0:00:00]} 51. Nxa4 {[%clk 0:12:56]} g5 {[%clk 0:00:00]} 52.
Nc5 {[%clk 0:12:56]} g4 {[%clk 0:00:00]} 53. h4 {[%clk 0:12:56]} b2 {[%clk
0:00:00]} 54. Kxb2 {[%clk 0:12:56]} Kd2 {[%clk 0:00:00]} 55. Ne4+ {[%clk
0:12:56]} 1-0

[Event "Campeonato España Sub 16"]
[Site "Salobreña"]
[Date "2017.07.26"]
[Round "4"]
[White "Garcia Gimenez, Santiago"]
[Black "Ledesma Claros, Daniel"]
[Result "0-1"]
[Board "15"]
[WhiteClock "1:30"]
[WhiteElo "2064"]
[WhiteCountry "ESP"]
[WhiteFideId "32063350"]
[WhiteEloChange "-13"]
[BlackClock "1:30"]
[BlackElo "1940"]
[BlackCountry "ESP"]
[BlackFideId "24521558"]
[BlackEloChange "13"]

1. e4 {[%clk 1:30:00]} d5 {[%clk 1:30:00]} 2. exd5 {[%clk 1:31:00]} Qxd5 {[%clk
1:31:00]} 3. Nc3 {[%clk 1:31:00]} Qe5+ {[%clk 1:31:00]} 4. Be2 {[%clk 1:31:00]}
c6 {[%clk 1:31:00]} 5. d4 {[%clk 1:31:00]} Qc7 {[%clk 1:32:00]} 6. Nf3 {[%clk
1:31:00]} Nd7 {[%clk 1:32:00]} 7. O-O {[%clk 1:30:00]} Ngf6 {[%clk 1:33:00]} 8.
Re1 {[%clk 1:30:00]} e6 {[%clk 1:33:00]} 9. Bf1 {[%clk 1:29:00]} Be7 {[%clk
1:33:00]} 10. Bg5 {[%clk 1:29:00]} h6 {[%clk 1:32:00]} 11. Bh4 {[%clk 1:29:00]}
O-O {[%clk 1:33:00]} 12. Qd2 {[%clk 1:24:00]} Rd8 {[%clk 1:28:00]} 13. Rad1
{[%clk 1:24:00]} b6 {[%clk 1:27:00]} 14. Bg3 {[%clk 1:20:00]} Bd6 {[%clk
1:24:00]} 15. Bxd6 {[%clk 1:18:00]} Qxd6 {[%clk 1:25:00]} 16. Qc1 {[%clk
1:17:00]} Bb7 {[%clk 1:24:00]} 17. Ne5 {[%clk 1:17:00]} Qc7 {[%clk 1:23:00]} 18.
Bc4 {[%clk 1:16:00]} b5 {[%clk 1:14:00]} 19. Bb3 {[%clk 1:16:00]} a5 {[%clk
1:14:00]} 20. a4 {[%clk 1:16:00]} b4 {[%clk 1:14:00]} 21. Nb1 {[%clk 1:12:00]} c5
{[%clk 1:13:00]} 22. Nxd7 {[%clk 1:09:00]} Rxd7 {[%clk 1:12:00]} 23. dxc5 {[%clk
1:09:00]} Ng4 {[%clk 1:04:00]} 24. Rxd7 {[%clk 0:54:00]} Qxh2+ {[%clk 1:04:00]}
25. Kf1 {[%clk 0:55:00]} Bf3 {[%clk 1:04:00]} 0-1

[Event "Campeonato España Sub 16"]
[Site "Salobreña"]
[Date "2017.07.26"]
[Round "4"]
[White "Torcal Miguel, Oscar"]
[Black "Gil Ojeda, Jorge"]
[Result "1/2-1/2"]
[Board "16"]
[WhiteClock "1:29"]
[WhiteElo "2033"]
[WhiteCountry "ESP"]
[WhiteFideId "32025700"]
[WhiteEloChange "-3"]
[BlackClock "1:30"]
[BlackElo "1936"]
[BlackCountry "ESP"]
[BlackFideId "32005504"]
[BlackEloChange "3"]

1. e4 {[%clk 1:30:00]} c5 {[%clk 1:30:00]} 2. Nf3 {[%clk 1:30:00]} e6 {[%clk
1:31:00]} 3. d3 {[%clk 1:30:00]} Nc6 {[%clk 1:30:00]} 4. g3 {[%clk 1:30:00]} g6
{[%clk 1:30:00]} 5. Bg2 {[%clk 1:29:00]} Bg7 {[%clk 1:30:00]} 6. O-O {[%clk
1:29:00]} d6 {[%clk 1:29:00]} 7. c3 {[%clk 1:27:00]} e5 {[%clk 1:26:00]} 8. a3
{[%clk 1:25:00]} a5 {[%clk 1:11:00]} 9. a4 {[%clk 1:24:00]} Nge7 {[%clk 1:09:00]}
10. Na3 {[%clk 1:22:00]} h6 {[%clk 1:07:00]} 11. Nb5 {[%clk 1:20:00]} O-O {[%clk
1:05:00]} 12. Nd2 {[%clk 1:16:00]} Be6 {[%clk 0:57:00]} 13. Nc4 {[%clk 1:10:00]}
Nc8 {[%clk 0:57:00]} 14. f4 {[%clk 1:02:00]} exf4 {[%clk 0:49:00]} 15. Bxf4
{[%clk 1:00:00]} Ne5 {[%clk 0:36:00]} 16. Qe2 {[%clk 0:58:00]} g5 {[%clk
0:34:00]} 17. Be3 {[%clk 0:54:00]} Qe7 {[%clk 0:30:00]} 18. h3 {[%clk 0:47:00]}
Rd8 {[%clk 0:27:00]} 19. Nd2 {[%clk 0:46:00]} Nb6 {[%clk 0:25:00]} 20. b3 {[%clk
0:41:00]} Nc6 {[%clk 0:23:00]} 21. d4 {[%clk 0:38:00]} cxd4 {[%clk 0:21:00]} 22.
Nxd4 {[%clk 0:38:00]} Nd7 {[%clk 0:20:00]} 23. Rad1 {[%clk 0:34:00]} Nc5 {[%clk
0:19:54]} 24. Nxe6 {[%clk 0:29:00]} Qxe6 {[%clk 0:19:44]} 25. Qc4 {[%clk
0:26:00]} Ne5 {[%clk 0:13:32]} 26. Qxe6 {[%clk 0:25:00]} fxe6 {[%clk 0:13:48]}
27. Bd4 {[%clk 0:24:00]} Rac8 {[%clk 0:13:20]} 28. Bxc5 {[%clk 0:16:47]} Rxc5
{[%clk 0:12:57]} 29. c4 {[%clk 0:16:49]} g4 {[%clk 0:09:20]} 30. Rf4 {[%clk
0:15:21]} h5 {[%clk 0:09:12]} 31. Nb1 {[%clk 0:13:26]} Ng6 {[%clk 0:08:13]} 32.
Rf2 {[%clk 0:13:02]} Be5 {[%clk 0:08:37]} 33. hxg4 {[%clk 0:11:56]} hxg4 {[%clk
0:08:14]} 34. Rd3 {[%clk 0:12:02]} Ne7 {[%clk 0:07:43]} 35. Bf1 {[%clk 0:10:28]}
Nc6 {[%clk 0:07:34]} 36. Kg2 {[%clk 0:10:19]} Nd4 {[%clk 0:07:45]} 37. Be2 {[%clk
0:10:07]} Nxe2 {[%clk 0:07:00]} 38. Rxe2 {[%clk 0:10:35]} Kf7 {[%clk 0:05:56]}
39. Re1 {[%clk 0:09:30]} Kg6 {[%clk 0:04:00]} 40. Rh1 {[%clk 0:09:11]} Rf8 {[%clk
0:03:57]} 41. Rh4 {[%clk 0:08:42]} Kg5 {[%clk 0:04:06]} 42. Rh7 {[%clk 0:08:46]}
b6 {[%clk 0:03:59]} 43. Re7 {[%clk 0:08:17]} Rf6 {[%clk 0:03:17]} 44. Na3 {[%clk
0:05:23]} Rc8 {[%clk 0:00:00]} 45. Rg7+ {[%clk 0:05:23]} Kh5 {[%clk 0:00:00]}
1/2-1/2

[Event "Campeonato España Sub 16"]
[Site "Salobreña"]
[Date "2017.07.26"]
[Round "4"]
[White "Henderson de La Fuente, Andrea"]
[Black "Sanchez Serrano, Emilio"]
[Result "0-1"]
[Board "17"]
[WhiteClock "1:30"]
[WhiteElo "2031"]
[WhiteCountry "ESP"]
[WhiteFideId "32096577"]
[WhiteEloChange "-13"]
[BlackClock "1:30"]
[BlackElo "1928"]
[BlackCountry "ESP"]
[BlackFideId "32051174"]
[BlackEloChange "13"]

1. e4 {[%clk 1:30:00]} e6 {[%clk 1:30:00]} 2. d4 {[%clk 1:31:00]} d5 {[%clk
1:31:00]} 3. Nd2 {[%clk 1:31:00]} c5 {[%clk 1:31:00]} 4. exd5 {[%clk 1:31:00]}
Qxd5 {[%clk 1:31:00]} 5. Ngf3 {[%clk 1:32:00]} cxd4 {[%clk 1:32:00]} 6. Bc4
{[%clk 1:32:00]} Qd6 {[%clk 1:32:00]} 7. O-O {[%clk 1:32:00]} Nf6 {[%clk
1:32:00]} 8. Nb3 {[%clk 1:31:00]} Nc6 {[%clk 1:32:00]} 9. Nbxd4 {[%clk 1:29:00]}
Nxd4 {[%clk 1:32:00]} 10. Nxd4 {[%clk 1:29:00]} a6 {[%clk 1:33:00]} 11. c3 {[%clk
1:28:00]} Qc7 {[%clk 1:32:00]} 12. Qe2 {[%clk 1:22:00]} Bd6 {[%clk 1:27:00]} 13.
h3 {[%clk 1:20:00]} O-O {[%clk 1:26:00]} 14. Bg5 {[%clk 1:13:00]} Be5 {[%clk
1:02:00]} 15. Rad1 {[%clk 0:57:00]} h6 {[%clk 0:55:00]} 16. Bh4 {[%clk 0:38:00]}
b5 {[%clk 0:54:00]} 17. Bb3 {[%clk 0:37:00]} Bb7 {[%clk 0:45:00]} 18. Rfe1 {[%clk
0:32:00]} Bxd4 {[%clk 0:33:00]} 19. Rxd4 {[%clk 0:33:00]} Qc6 {[%clk 0:33:00]}
20. f3 {[%clk 0:32:00]} Nd5 {[%clk 0:00:00]} 21. Qe5 {[%clk 0:28:00]} Rae8 {[%clk
0:22:00]} 22. Rg4 {[%clk 0:24:00]} f6 {[%clk 0:22:00]} 23. Qh5 {[%clk 0:24:00]}
f5 {[%clk 0:19:40]} 24. Bxd5 {[%clk 0:16:14]} exd5 {[%clk 0:14:38]} 25. Rxe8
{[%clk 0:14:06]} Qxe8 {[%clk 0:14:52]} 26. Rg6 {[%clk 0:14:11]} Kh7 {[%clk
0:14:52]} 0-1